Zavádění a inovace informačních systémů ve firmách

Saved in:
Bibliographic Details
Main Author: Tvrdíková, Milena (Author)
Format: Book
Language:Czech
Published: Praha : Grada Publishing, 2000
Edition:1.
Subjects:
Online Access:OBSAH
Tags: Add Tag
No Tags, Be the first to tag this record!

MARC

LEADER 00000nam a22000003a 4500
001 stu55879
005 20190206132330.6
008 001213s2000----xr------------------cze-d
020 |a 80-7169-703-6 
040 |a STU  |b slo 
041 0 |a cze 
044 |a xr 
080 |a 681.518 
100 1 |a Tvrdíková, Milena  |4 aut 
245 1 |a Zavádění a inovace informačních systémů ve firmách 
250 |a 1. 
260 |a Praha :  |b Grada Publishing,  |c 2000 
300 |a 110 s 
650 7 |a systémy informačné-firmy  |2 stusub 
856 4 |a https://sweb.mtf.stuba.sk/obsahy/zavadeni_a_inovace_informacnich_systemu_ve_firme_00.pdf  |u https://sweb.mtf.stuba.sk/obsahy/zavadeni_a_inovace_informacnich_systemu_ve_firme_00.pdf  |3 OBSAH 
996 |b 284M034638  |c M*10597-5  |l MMKN  |s A  |a 24  |w stu55879_0001 
996 |b 284M034639  |c M*10597-6  |l MMKN  |s A  |a 24  |w stu55879_0002 
996 |b 284M034640  |c M*10597-7  |l MMKN  |s A  |a 24  |w stu55879_0003 
996 |b 284M034641  |c M*10597-8  |l MMKN  |s A  |a 24  |w stu55879_0004 
996 |b 284M023325  |c M*10597-1  |l MMKN  |s A  |a 24  |w stu55879_0005 
996 |b 284M024427  |c M*10597-2  |l MMKN  |s A  |a 24  |w stu55879_0006 
996 |b 284M024428  |c M*10597-3  |l MMKN  |s A  |a 24  |w stu55879_0007 
996 |b 284M024429  |c M*10597-4  |l MMKN  |s A  |a 24  |w stu55879_0008